Technologija izgotovlenija metallorežuščich instrumentov /

Na minha lista:
Detalhes bibliográficos
Autor principal: Martynov, A.D (Author)
Formato: Livro
Idioma:russo
Publicado em: Moskva : Mašgiz, 1960
Assuntos:
Tags: Adicionar Tag
Sem tags, seja o primeiro a adicionar uma tag!

MARC

LEADER 00000nam a22000003a 4500
001 stu39001
005 20150617225723.9
008 921211s1960----xxr-----------------rus-d
040 |a STU  |b slo 
041 0 |a rus 
044 |a xxr 
080 |a 621.937 
100 1 |a Martynov, A.D  |4 aut 
245 1 |a Technologija izgotovlenija metallorežuščich instrumentov /  |c [aut.]A.D. Martynov 
260 |a Moskva :  |b Mašgiz,  |c 1960 
300 |a 172 s 
650 7 |a nástroje rezné  |2 stusub 
996 |b 284M015882  |c M*3807-1  |l MMKN  |s A  |a 24  |w stu39001_0001